| 000 | 00873nam a22002417a 4500 | ||
|---|---|---|---|
| 999 |
_c64973 _d64973 |
||
| 005 | 20240530110800.0 | ||
| 008 | 190122s2016 ua ||||f |||| 00| |dara d | ||
| 017 |
_a2015/20861 _bمصر. دار الكتب |
||
| 020 | _a9789773804626 | ||
| 040 |
_aEG-CaGPL _cEG-CaGPL |
||
| 082 | 0 | 4 |
_221 _a791.43 / _bن م |
| 100 | 0 | _aنهاد ابراهيم | |
| 245 | 1 | 0 |
_aموسوعة النقد السينمائى تشكل الوعى عبد القوى الناعمة / _cنهاد ابراهيم |
| 250 | _aط.1 | ||
| 260 |
_aالقاهرة : _bدار العلوم للنشر والتوزيع، _c2016. |
||
| 300 |
_a6 جزء ؛ _c24 سم. |
||
| 650 | 0 | 7 |
_2qrmak _aالسينما |
| 650 | 0 | 7 |
_2qrmak _aالسينما _xصناعة وتجارة |
| 650 | 0 | 7 |
_2qrmak _aالسينما _xتاريخ ونقد |
| 651 | _2qrmak | ||
| 942 |
_2ddc _cBK |
||